000 00514nam a2200181Ia 4500
003 GCL
008 140319s9999 xx 000 0 ara d
040 _aGCL /
_cGCL
082 0 4 _a822.009
_bل ب
100 1 _aلويس عوض
245 1 0 _aالبحث عن شكسبير /
_cلويس عوض
300 _a273 ص
490 _aكتاب الهلال
_v0
650 0 4 _aالادب الانجليزى
650 0 4 _aالمسرحيات الانجليزية
650 0 4 _aشكسبير، ويليام
942 _2ddc
_cBK
999 _c38271
_d38271